000 00549nam a2200205Ia 4500
003 LDD
008 181105s9999 xx 000 0 und d
020 _a387008365
_c3888.55
040 _cLDD
082 _a515.2433 V958F
100 _aVretblad, Anders
245 0 _aFourier analysis and its application
_cAnders Vretblad
260 _aNew York
_bSpringer
_c2006
300 _axi, 269p.
365 _bE 64.95
901 _a3491
_b17-11-2006
902 _a48879
_b14-12-2006
_cF
_dHBA
_eNBHM
903 _a10
_bReqst by : Mital,
942 _2ddc
_cMP
999 _c147443
_d147443